| 000 | 00572 a2200169 4500 | ||
|---|---|---|---|
| 003 | OSt | ||
| 005 | 20231204113117.0 | ||
| 008 | 231204b |||||||| |||| 00| 0 eng d | ||
| 020 | _a9788178245287 | ||
| 040 | _coclc | ||
| 082 |
_a954.0072 _bNOV/H |
||
| 100 | 1 |
_aNovetzke, Christian Lee, _d1969- _99987 |
|
| 245 |
_aHistory, Bhakti, and public memory : _b Namdev in religious and secular traditions / _cChristian Lee Novetzke |
||
| 260 |
_aNew Delhi: _bOrient blackswan _c2018. |
||
| 300 | _a309p | ||
| 942 |
_2ddc _cBK _h954.0072 _iNOV/H _k954.0072 _mNOV/H |
||
| 999 |
_c43880 _d43880 |
||